zpět

Detail výsledku týmu

Pivnice U Badinů, Brno

Datum a čas kvízu

38.5 Celkem bodů Celkový počet nahraných bodů na tomto kvízu bez doplňovacích otázek.
3. Pořadí na kvízu Konečné umístění týmu na tomto kvízu.

Zaznamenané odpovědi

# Otázka Odpověď Body Výsledky
1. „Raději bych si ukousl část ko... A 1
2. Obyvatelé Kirkwallu na skotské... B 1
3. V neděli vyvrcholil jeden z ne... Justin Bieber 1
4. Minulý týden oznámil jistý dis... Lidl 1
5. Marie-Louise Eta si minulý týd... B 1
6. Vítězné téma FB hlasování zahá... Luděk Marold, bitva u Lipan 1
7. Přiřaďte jednotlivá města k je... 1B 2D 3A 4C 1
8. „Co až budeme nahoře, to teprv... Homolka a tobolka; Marie Motlová 1
9. Panorama je služba webové strá... Dlouhé stráně 1
10. Na závěr si dáme noční pohled... Istanbul 0